|
|
|
|
| LEADER |
00607cam a2200181 7i4500 |
| 001 |
0000011294 |
| 005 |
20151104090000.0 |
| 005 |
##20151104112700.0 |
| 003 |
##MY-KlINT |
| 039 |
# |
9 |
|y 201511041127
|z VLOAD
|
| 090 |
0 |
0 |
|a SSP 25/07
|
| 100 |
1 |
# |
|a Ahmad Fadzli bin Ahmad Tajuddin
|
| 245 |
1 |
0 |
|a Strategic management practices and performance of Malaysian local authorithies /
|c by Ahmad Fadzli bin Ahmad Tajuddin.
|
| 260 |
# |
# |
|a Kedah:
|b Universiti Utara Malaysia,
|c 2007.
|
| 300 |
# |
# |
|a 206 p..
|
| 500 |
# |
# |
|a Ijazah Sarjana Sains (Pengurusan)
|
| 650 |
# |
0 |
|a Thesis --
|z Malaysia
|
| 999 |
|
|
|a 0000061708
|b BOOK
|c Dissertation
|e INTAN BK
|